Les 10 jeux mobiles les plus téléchargés dans le monde - Statistiques

Statistiques générales
  • Ce quiz a été pris 459 fois
  • Le résultat moyen est 2 sur 10
Statistiques - réponses
classement nom du jeu % Correct
5eme Clash of Clans
73%
1er Subway Surfers
50%
2eme Candy Crush Saga
31%
9eme Fruit Ninja
13%
6eme Pou
6%
3eme Temple Run 2
5%
7eme Hill Climb Racing
3%
8eme Minion Rush
3%
10eme 8 Ball Pool
2%
4eme My Talking Tom
2%
Aucun quiz correspondant
Distribution des résultats
% des personnes avec chaque résultat
Percentile par nombre de réponses
Votre historique - résultats
Vous n’avez pas pris ce quiz